000 00467nam a2200157Ia 4500
008 210716s2011 xx 000 0 und d
020 _a9781107619982
041 _aeng
082 _a658.4012 GOLD
100 _aGolsorkhi, Damon; Rouleau, Linda; Seidl, David; Vaara, Eero.
245 _aCambridge handbook of strategic as practice.
250 _a1
260 _aNew Delhi
_bCambridge University Press
_c2011
300 _axvi,349
650 _aStrategic Management
999 _c208711
_d208711